LIBRARY & INFORMATION CENTRE, KCAET, TAVANUR

ONLINE PUBLIC ACCESS CATALOGUE (OPAC)

Textbook of Horticulture (Record no. 13851)

MARC details
000 -LEADER
fixed length control field 00303nam a22001337a 4500
020 ## - INTERNATIONAL STANDARD BOOK NUMBER
ISBN 1403928185
082 ## - DEWEY DECIMAL CLASSIFICATION NUMBER
Classification number 635
Item number MAN/HO
100 ## - MAIN ENTRY--AUTHOR NAME
Personal name Manibhushan Rao K
245 ## - TITLE STATEMENT
Title Textbook of Horticulture
250 ## - EDITION STATEMENT
Edition statement 2
260 ## - PUBLICATION, DISTRIBUTION, ETC. (IMPRINT)
Place of publication New Delhi
Name of publisher MacMillan India Pvt. Ltd.
Year of publication 2005
300 ## - PHYSICAL DESCRIPTION
Number of Pages 270p
942 ## - ADDED ENTRY ELEMENTS (KOHA)
Koha item type Book Bank scheme for SC students
Holdings
Withdrawn status Lost status Damaged status Collection code Home library Current library Shelving location Date acquired Full call number Accession Number Koha item type
      Non-fiction KAUAET KAUAET Scheme 29/12/2012 635 MAN/HO BB 68 Book Bank scheme for SC students
      Non-fiction KAUAET KAUAET Scheme 29/12/2012 635 MAN/HO BB 69 Book Bank scheme for SC students
free website counter